[Event "LSS RN-2009-0-00202"]
[Site "LSS email"]
[Date "2009.04.01"]
[Round "?"]
[White "Camps, Jean Pierre"]
[Black "Serrano, Carlos"]
[Result "0-1"]
[WhiteElo "800"]
[BlackElo "800"]
[PlyCount "37"]
[EventDate "2009.03.17"]
[EventType "tourn (corr)"]
[EventRounds "6"]
[EventCountry "GER"]
[SourceTitle "Corr 2011"]
[Source "ChessBase"]
[SourceDate "2010.08.31"]
[SourceVersion "1"]
[SourceVersionDate "2010.08.31"]
[SourceQuality "1"]

1. e4 e6 2. d4 d5 3. Nc3 dxe4 4. Nxe4 Nd7 5. Nf3 Ngf6 6. Nxf6+ Nxf6 7. Bd3 Bd6 8. Ba6 bxa6 9. 0-0 Bb7 10. Qe2 c6 11. Rd1 Qc7 12. Bg5 Ng4 13. h3 h6 14. Bh4 Nf6 15. Bxf6 gxf6 16. a3 Rg8 17. c4 c5 18. d5 0-0-0 19. Qe3 0-1

[Event "LSS RN-2009-0-00202"]
[Site "LSS email"]
[Date "2009.03.29"]
[Round "?"]
[White "Serrano, Carlos"]
[Black "Vontina, Maria"]
[Result "1-0"]
[WhiteElo "800"]
[BlackElo "649"]
[PlyCount "39"]
[EventDate "2009.03.17"]
[EventType "tourn (corr)"]
[EventRounds "6"]
[EventCountry "GER"]
[SourceTitle "Corr 2011"]
[Source "ChessBase"]
[SourceDate "2010.08.31"]
[SourceVersion "1"]
[SourceVersionDate "2010.08.31"]
[SourceQuality "1"]

1. d4 d5 2. c4 e6 3. Nf3 Nf6 4. e3 Be7 5. Nc3 0-0 6. cxd5 exd5 7. Bd3 c6 8. 0-0 Bg4 9. h3 Bh5 10. Qc2 Nbd7 11. Nh4 Re8 12. f4 a5 13. g4 Nxg4 14. hxg4 Bxg4 15. Bxh7+ Kh8 16. Bf5 Bxh4 17. Bxg4 Nf6 18. Bf3 Qd7 19. Qh2 Kg8 20. Qxh4 1-0

[Event "LSS OP-2009-0-00801"]
[Site "LSS email"]
[Date "2009.03.29"]
[Round "?"]
[White "Van Nierop, Arie"]
[Black "Serrano, Carlos"]
[Result "1-0"]
[WhiteElo "1620"]
[BlackElo "800"]
[PlyCount "25"]
[EventDate "2009.03.24"]
[EventType "tourn (corr)"]
[EventRounds "4"]
[EventCountry "GER"]
[SourceTitle "Corr 2015"]
[Source "ChessBase"]
[SourceDate "2015.07.17"]
[SourceVersion "1"]
[SourceVersionDate "2015.07.17"]
[SourceQuality "1"]

1. Nf3 d5 2. d4 Nf6 3. Nc3 e6 4. Bg5 Bb4 5. e3 c5 6. dxc5 Bxc5 7. Be2 Nc6 8. 0-0 0-0 9. a3 h6 10. Bh4 Re8 11. Qd3 g5 12. Bg3 e5 13. Qb5 1-0